000 01690namaa2200337 i 4500
003 EG-GICUC
005 20260518135700.0
008 260518s1944 ua |||jr|||| 000 p ara d
017 _a95 / 11249
_bدار الكتب والوثائق القومية (مصر)
040 _aEG-GiCUC
_bara
_cEG-GiCUC
_dEG-GiCUC
_erda
082 0 4 _221
_a811.5
_bM9922diw
092 0 4 _221
_a811.5
_bM9922diw
099 _a811.5 M9922diw
100 1 _aالمتنبى، ابو الطيب احمد بن الحسين،
_qأبو الطيب أحمد بن الحسين بن الحسن عبد الصمد الكندي الكوفي،
_d915 965- 916او
_eمؤلف.
245 1 _aديوان أبى الطيب المتنبى/
_cتحقيق وتعليق دكتور عبد الوهاب عزام.
264 _a[القاهرة (مصر)] :
_bالهيئة العامة لقصور الثقافة،
_c[1944].
300 _a589 صفحة
_b؛
_c24 سم
336 _2rdacontent
_atext
337 _2rdamedia
_aUnmediated
338 _2rdacarrier
_avolume
490 _aالذخائر ؛
_v1
504 _aيشتمل على هوامش.
541 _aد. جابر عصفور ؛
_bالقاهرة ؛
_cإهداء ؛
_d2024.
600 1 0 _aالمتنبى، ابو الطيب احمد بن الحسين،
_qأبو الطيب أحمد بن الحسين بن الحسن عبد الصمد الكندي الكوفي،
_d915 965- 916او
_93502
650 1 7 _aالشعر العربى
_xتاريخ
_yالعصر العباسى الثانى
_2qrmak
650 1 7 _aالشعر العربى
_xدواوين وقصائد
_2qrmak
651 1 _2qrmak
700 1 _aعزام، عبد الوهاب
_eمحقق.
905 _aAya
942 _2ddc
_cBK
_e21
_n0
999 _c180211
_d180211